00382nam a2200109Ia 4500008004100000245014800041260003500189260000900224300001000233500001300243650001600256170224s9999 xx 000 0 und d aBrooding rumination and heart rate variability in women at high and low risk for depression: Group differences and moderation by COMT genotype. bJournal of Abnormal Psychology c2014 a123:1 aFebruary xPsychology.